1280 1844 1203 1564 1061 1276 1945 1547 1453 1571 1294 1789 1421 1236 1872 1323 1907 1170 1753 1432 1899 1606 1527 1282 1515 1682 1337 1386 1221 1059 1187 1243 1550 1204 1149 1116 1344 1891 1877 1852 1026 1201 1003 1122 1211 1317 1565 1493 1975 1417 1333 1171 1255 1549 1235 1523 1934 1626 1313 1161 1930 1923 1038 1608 1111 1137 1558 1121 1370 1946 1070 1867 1194 1941 1240 1030 1580 1663 1367 1631 1296 1924 1076 1668 1715 1052 1082 1789 1412 1784 1831 1822 1766 1027 1756 1613 1428 1906 1582 BCNSPRNW ULIB Ver.6.0+V

เปลี่ยนเป็นภาษาไทย

Change to English
 แสดงรายละเอียดบรรณานุกรม
  กลับหน้าหลัก

Brief Record : Get Marc (ISO 2709) : E-mail record : QR code < ปิดหน้าต่าง
LEADER : 00000nam 2200000uu 4500
001    13399112747
003     ULIB
008    110908s2551||||th 000 0 tha d
020    9789749491676
050 04 LB1028^bพ769ว 2551
100 0  พิสณุ ฟองศรี
245 10 วิจัยชั้นเรียน :^bหลักการและเทคนิคปฏิบัติ /^cพิสณุ ฟองศรี
250    พิมพ์ครั้งที่ 5
260    กรุงเทพฯ :^bพรอพเพอร์ตี้พริ้นท์,^c2551
300    254 หน้า :^bตาราง
504    บรรณานุกรม: หน้า [213]-217
650  7 วิจัยเชิงปฏิบัติการทางการศึกษา
650  7 ชั้นเรียน^xวิจัย
945    ^p180^l0^i027090
995    ทศพร
999 ^a ทศพร
รายการนี้ยังไม่มีแท็ก
คุณยังไม่ได้ล็อกอิน คุณสามารถมีกิจกรรมร่วมกับเว็บไซต์ได้ แต่ต้องล็อกอินก่อน ::
  ล็อกอิน

รายการสื่อสารสนเทศ

ลำดับที่ ประเภท เลขเรียก/บาร์โค้ด สถานที่ สถานะ
- ไม่พบข้อมูล -

รายการใกล้เคียง
    ผู้แต่ง [พิสณุ ฟองศรี]

    หัวเรื่อง [วิจัยเชิงปฏิบัติการทางการศึกษา]

BibComment


ยังไม่เคยถูกคอมเมนท์

คอมเมนท์ทรัพยากรรายการนี้
  คอมเมนท์: วิจัยชั้นเรียน ห..


 Copyright 2026. Bcnsprnw @Library